Penser le Dieu vivant. Mélanges offerts à André Gounelle

שמור ב:
מידע ביבליוגרפי
מחבר ראשי: Boss, Marc (direction)
מחברים אחרים: Picon, Raphaël (direction)
פורמט: לא ידוע
יצא לאור: Paris, France: Van Dieren, Éditeur, 2004.
נושאים:
תגים: הוספת תג
אין תגיות, היה/י הראשונ/ה לתייג את הרשומה!

MARC

LEADER 00000 a2200000 4500
003 CL-VaPUC
005 20240606121952.0
008 240603t2003 ||||| |||| 00| 0 eng d
999 |c 443580  |d 443578 
020 |a 2911087399 
040 |c Pontificia Universidad Católica de Valparaíso 
082 7 |2 22  |a 210.1 GOU 2003 
100 |a Boss, Marc  |9 889186  |e direction 
245 |a Penser le Dieu vivant.  |b Mélanges offerts à André Gounelle 
260 |a Paris, France:  |b Van Dieren, Éditeur,  |c 2004. 
300 |a 499 páginas 
583 |k GC  |c 20240603 
650 0 |9 265980  |a Filosofía cristiana  
650 0 |9 266622  |a Dios   |x Muerte  |x Milagros  |x Oración 
650 0 |9 320814  |a Teología bíblica  |x Protestantismo  |x Iglesia Católica  |x Biblia  |x Violencia 
700 |9 888498  |a Picon, Raphaël  |e direction 
942 |2 ddc  |c BK 
952 |0 0  |1 0  |2 ddc  |4 0  |6 210_100000000000000_GOU_2003  |7 0  |8 A  |9 594934  |a BIBTEO  |b BIBTEO  |d 2024-05-31  |e 1  |g 96543.00  |i 5661468  |o 210.1 GOU 2003  |p 5661468  |r 2025-01-17  |t 1  |v 96543.00  |w 2024-05-31  |y BK  |k ICR